| 000 | 00350cam a2200133K 4500 | ||
|---|---|---|---|
| 082 |
_a943.082 _bAND _cD |
||
| 100 |
_aAnderson, J.H _950204 |
||
| 245 | 1 | 4 |
_aThe Franco-German War 1870 _cJ.H, Anderson |
| 260 |
_aLondon: _bHugh Rees, _c1911. |
||
| 300 | _a110 p. : | ||
| 526 |
_a0 _b0 _c0 _d943_082000000000000_AND |
||
| 650 | 0 |
_aMCE _9379 |
|
| 942 |
_2ddc _cBK |
||
| 999 |
_c552923 _d552923 |
||